| 000 | 01201cam a22001934a 4500 | ||
|---|---|---|---|
| 005 | 20250605163951.0 | ||
| 008 | 250528s ||||||||||||||||||||||||d | ||
| 035 | _a15384 | ||
| 020 | _a201554038 | ||
| 040 |
_aGR-AtMCL _bgre _dGR-AtMCL _eAACR2 |
||
| 245 | 1 | _aAssessment Centers in Human Resource Management | |
| 260 |
_bAddison-Wesley Publishing Company, _c1992 |
||
| 300 | _a284 | ||
| 520 | _aThis book provides a concise yet comprehensive review of the contribution of the assessment center method to three human resources functions: selection and promotion of managers, diagnosis of managerial training needs, and training managerial skills. Assessment Centers and Human Resource Management Decisions, Case Studies of Assessment Centers in Operations, Basic Requirements of an Assessment Center, Dimensions to Be Assessed, Situational Exercises, Observing and Classifying Behavior, Group Discussion of Assessment Information, Providing Feedback of Assessment Center Results, Evaluating the Accuracy of Assessment Center Results, The Future of Assessment Centers, Appendix, References, Index. | ||
| 700 | 1 |
_aThornton C. George Iii _91291 |
|
| 942 | _cBK | ||
| 999 |
_c969 _d969 |
||